Регионална библиотека "Любен Каравелов" - Русе

Праздник, который всегда с тобой | Острова в океане (Запис номер 60777)

MARC детайли
000 -Лидер
Контролно поле с фиксирана дължина 01152nam a2200301 c 4500
003 - Код на организацията, давaща контролен номер
Контролно поле BLK
005 - Дата и час на последна редакция
Контролно поле 20230311110104.0
008 - Елементи от данни с фиксирана дължина
fixed length control field 180408b bul|||||r ||||||| ||bul||
010 ## - Наследен системен номер
LC control number KNG00064960000
020 ## - Международен стандартен номер на книга ISBN
Международен стандартен номер на книга ISBN 5-340-00179-2
-- издат.: Мастацкая лiтаратура
040 ## - Източник на каталожния запис
Идентификатор на билиотеката - собственик на записа BLK
041 ## - Код за език
Код за езика на текст/звукозапис или на отделно заглавие Руски
Код за езика КДБФ Руски
080 ## - УДК
Текстов определител УДК Американска литература (на САЩ)
УДК код - определител по УДК 821.111(73)
УДК определител -31
УДК - код + определител 821.111(73)-31
100 1# - Редна дума - Автор
Автор Хемингуэй, Эрнест
Авторска отговорност първи автор
R(LIN) 136752
139 ## - Редно поле
Редна дума Хемингуэй, Эрнест
Авторски знак Хем - Х 41
245 10 - Сведения за заглавието
Заглавие Праздник, который всегда с тобой
Редно поле (дума) Эрнест Хемингуэй.
245 10 - Сведения за заглавието
Заглавие Острова в океане
Подзаглавни данни Романы
Редно поле (дума)
257 ## - Страна на издаване
Страна на създаване/издаване Съединени американски щати
260 ## - Област на издателските данни
-- Минск
Име на издателя, разпространителя и проч. Мастацкая лiтаратура
Година на издаване 1988
300 ## - Физическа характеристика
Страници 542 с.
Размери/Мащаб 21 м
380 ## - Жанр
Жанр Худож. лит.
490 1# - СЕРИИ (Колекции)
Име на серия Библиотека отечественной и зарубежной классики
852 ## - Местоположение
Форматна сигнатура Цб 155663
856 4# - Електронен адрес и достъп
Електронен формат pdf - файл
Път до файла /url/
856 4# - Електронен адрес и достъп
Електронен формат pdf - файл
Път до файла /url/
942 ## - АРТИКУЛИ
Вид на библиотечния материал Книги
Скрит в OPAC Не
Koha issues (borrowed), all copies 2
944 ## - СЪЗДАВАНЕ И РЕДАКЦИЯ на ЗАПИСА
Създаване/Редакция Създаване
Дата на регистрацията/редакция 30.01.2017
Служител, извършил регистрацията/редакцията Вася_Ганчева
944 ## - СЪЗДАВАНЕ И РЕДАКЦИЯ на ЗАПИСА
Създаване/Редакция Редакция
Дата на регистрацията/редакция 30.01.2017
Служител, извършил регистрацията/редакцията Вася_Ганчева
999 ## - СИСТЕМНИ КОНТРОЛНИ НОМЕРА
Koha biblionumber 60777
Koha biblioitemnumber 60777
Наличности
Код за отписване Код за изгубен артикул Източник на класификационната схема Код за повреда Коз за рестрикции Код за отдаване Артикулен № Име на библиотеката - собственик Име на библиотеката, в която се намира в момента Статус (Текущо местоположение) Дата на вписване в системата Местоположение - отдел Цена в лева Инвентарен номер Систематично азбучна сигнатура Баркод Номер на екземпляра Цена в евро Служебна бележка Служебен тип на артикула
  Не е изгубен Universal Decimal Classification Не е повреден без рестрикции заемане за дома 99997 Регионална библиотека "Любен Каравелов" Русе Регионална библиотека "Любен Каравелов" Русе Заемна - подръчен фонд 1988-01-01 Заемна - подръчен фонд 2.32 509448 П 820(73)-31/Х 41 Э 120000509448 1 1.19 Дост: Pk Вид: Сф N: стар фонд Дата: 01.01.1988 Дата инв: 09.02.2018 Бележки инв: П2018 Книги
Vip Innovations Ltd, Rousse, Bulgaria 2025